000 00657cam a22002413a 4500
001 23947
003 PGUSA
005 20140828083518.0
008 071221s2007||||xxu|||||s|||||000 | eng d
040 _aPGUSA
_beng
042 _adc
050 4 _aDS
100 1 _aPeng, Zunsi, jin shi 1737
245 1 0 _a蜀碧
_h[electronic resource] /
_cZunsi, jin shi 1737 Peng
260 _bProject Gutenberg,
_c2007
506 _aPublic domain in the USA.
516 _aElectronic text
653 _aSichuan Sheng (China) -- History
740 0 _aShu Bi
830 0 _aProject Gutenberg
_v23947
856 4 0 _uhttp://www.gutenberg.org/ebooks/23947
942 _cEB
999 _c253202
_d253202